000 00434nam a2200121Ia 4500
008 220615s9999||||xx |||||||||||||| ||und||
100 _aMagdalena Janus
245 0 _aApplication of Titanium Dioxide
546 _aEnglish[eng]
650 _aPhysical Sciences||Engineering and Technology||Chemistry||Inorganic Chemistry||Solid-State Chemistry
856 _uhttps://www.intechopen.com/books/application-of-titanium-dioxide
942 _cEB
999 _c13694
_d13694